| 000 | 01683nab a2200265 i 4500 | ||
|---|---|---|---|
| 003 | BR-BrBNA | ||
| 005 | 20250307101707.0 | ||
| 008 | 250307b2015 bl.qr|pooa||| 00| 0 por | | ||
| 040 |
_aBR-BrBNA _bpor |
||
| 072 | _aF70 | ||
| 100 | _aSalimena, Fátima Regina G. | ||
| 100 | _aMúlgura, Maria Ema | ||
| 245 | _aNotas taxonômicas em Verbenaceae do Brasil | ||
| 500 | _aPublicação on-line; 21 ref.; Summaries (En, Pt) | ||
| 520 | _a Resumo Como parte da revisão da família Verbenaceae para a Flora do Brasil são apresentados dois sinônimos novos, e uma combinação nova no gênero Lantana, bem como um nome novo, dez sinônimos novos e dez lectotipificações no gênero Lippia e dois sinônimos novos em Stachytarpheta. Palavras-chave: Flora do Brasil, Lantana, Lippia, Stachytarpheta,taxonomia. Abstract As part of the revision of the family Verbenaceae for the Flora of Brazil, two new synonyms and one new combination in the genus Lantana, as well as one new name, ten new synonyms and ten lectotypifications in the genus Lippia and two new synonyms in Stachytarpheta are presented. Key words: Flora of Brazil, Lantana, Lippia, Stachytarpheta, taxonomy | ||
| 650 | _aFLORA | ||
| 650 | _aTAXONOMIA | ||
| 650 | _aLANTANA UNDULATA | ||
| 650 | _aLIPPIA ALBA | ||
| 650 | _aSTACHYTARPHETA CAYENNENSIS | ||
| 773 | 0 |
_0709 _9348886 _dRio de Janeiro-RJ Jardim Botanico do Rio de Janeiro 1935 _o2025-1382 _tRodriguésia (Brazil) _x0370-6583; 2175-7860 on-line _gv. 66(1) p. 191-197; (2015) _wBR2024004994 |
|
| 856 | _uhttps://www.scielo.br/j/rod/a/Fm9hPRFj5MqSxCXTp7szrCH/?format=pdf&lang=pt | ||
| 942 | _cANA | ||
| 999 |
_c330255 _d330255 |
||